| 000 | 00361nam a22001457a 4500 | ||
|---|---|---|---|
| 003 | SGT | ||
| 020 | _a9788173919725 | ||
| 082 |
_a302.23 _bF16S |
||
| 100 | _aSAXENA AMBRISH | ||
| 245 | _aFUNDAMENTAL OF REPORTING AND EDITING | ||
| 260 |
_aNEW DELHI _bKanishka Publishers & Distributors _c2016 |
||
| 300 | _a358 | ||
| 650 | _aMASS COMMUNICATION | ||
| 942 |
_2ddc _cBK |
||
| 999 |
_c13041 _d13041 |
||